Largest U.S. Cities Beginning With S - 1950 - Statistics

General Stats
  • This quiz has been taken 87 times
  • The average score is 16 of 20
Answer Stats
Pop. State Hint Answer % Correct
775,357 California Ravaged by an earthquake in 1906 San Francisco
100%
137,572 California State capital Sacramento
99%
334,387 California Zoo where the first YouTube video was filmed San Diego
99%
856,796 Missouri Located at the convergence of the Mississippi and Ohio rivers St. Louis
99%
408,442 Texas Battle of the Alamo San Antonio
97%
467,591 Washington Home of grunge music Seattle
97%
311,349 Minnesota State capital; One of the Twin Cities St. Paul
96%
162,399 Massachusetts There are 66 other US cities with the same name Springfield
94%
182,121 Utah State capital Salt Lake City
93%
96,738 Florida Shares its name with a larger city in Russia St. Petersburg
93%
119,638 Georgia Atlantic port city Savannah
91%
220,583 New York Named for a city in Sicily Syracuse
87%
95,280 California Bay area "suburb" San Jose
84%
161,721 Washington Native American word meaning "children of the sun" Spokane
84%
125,536 Pennsylvania "The Office" Scranton
81%
127,206 Louisiana Cultural and economic center of the Ark-La-Tex region Shreveport
81%
115,911 Indiana St. Joseph River South Bend
60%
91,785 New York General Electric was founded here Schenectady
46%
92,918 Michigan Birthplace of Stevie Wonder Saginaw
45%
102,351 Massachusetts Boston suburb Somerville
25%
No matching quizzes found
Score Distribution
Percent of People with Each Score
Percentile by Number Answered
Your Score History
You have not taken this quiz